000 00335nam a2200133Ia 4500
005 20251222144823.0
008 251222s9999||||xx |||||||||||||| ||spa||
020 _a84-330-1614-8
082 _a370.196/P84
100 _aPrats, Enric
245 0 _aRacismo en Tiempos de Globalización:
264 _bDesclée de Brouwer
942 _cLIB
999 _c20547
_d20547